Stanovenie hodnoty podniku diplomová práca

Gespeichert in:
Bibliographische Detailangaben
1. Verfasser: Hrežíková, Zuzana
Körperschaft: Fakulta podnikového manažmentu EU. Katedra podnikovohospodárska
Weitere Verfasser: Jakubec, Miroslav
Format: Buch
Sprache:Slowakisch
Veröffentlicht: Bratislava 2009
Tags: Tag hinzufügen
Keine Tags, Fügen Sie das erste Tag hinzu!

MARC

LEADER 00000nam$a2200000$$$4500
001 0101401
005 20240319130318.9
041 0 |a slo 
044 |a SK 
245 1 0 |a Stanovenie hodnoty podniku  |b diplomová práca  |c Zuzana Hrežíková ; škol. Miroslav Jakubec 
264 1 |a Bratislava  |c 2009 
300 |a 85 s. 
100 1 |a Hrežíková, Zuzana 
700 1 |a Jakubec, Miroslav 
710 2 |a Fakulta podnikového manažmentu EU. Katedra podnikovohospodárska